Az értékelési modell fejlődése a vállalati treasury-ben az ISDA keretszerződés tükrében

Bibliográfiai részletek
Szerző: Áncsán Attila
További közreműködők: Ábel Prof. dr. István
Dokumentumtípus: Diplomadolgozat
Kulcsszavak:MtM
ISDA
Mark to Market
Online Access:http://dolgozattar.uni-bge.hu/9970

MARC

LEADER 00000nta a2200000 i 4500
001 dolg9970
005 20170428094628.0
008 170428suuuu hu om 000 hun d
040 |a BGE Dolgozattár Repozitórium  |b hun 
041 |a hu 
100 1 |a Áncsán Attila 
245 1 3 |a Az értékelési modell fejlődése a vállalati treasury-ben az ISDA keretszerződés tükrében  |c Áncsán Attila  |h [elektronikus dokumentum] 
695 |a MtM 
695 |a ISDA 
695 |a Mark to Market 
700 1 |a Ábel Prof. dr. István  |e ths 
856 4 0 |u http://dolgozattar.uni-bge.hu/9970/1/Az%20%C3%A9rt%C3%A9kel%C3%A9si%20modell%20fejl%C5%91d%C3%A9se%20a%20v%C3%A1llalati%20treasury-ben%20az%20ISDA%20keretszerz%C5%91d%C3%A9s%20t%C3%BCkr%C3%A9ben.pdf  |z Dokumentum-elérés 
856 4 0 |u http://dolgozattar.uni-bge.hu/9970/2/Titkos%C3%ADt%C3%A1si%20k%C3%A9relem.pdf  |z Dokumentum-elérés